MDQL
is popping MORE tags! Check the
thread
!
Quizzes
Events
Quiz Creation
Community
Videos
Private Events
Remove Ads
Sign In
Join for FREE
Feedback
Dark Mode
Quiz Categories
Sports
Geography
Music
Movies
Television
Just For Fun
Miscellaneous
History
Literature
Language
Science
Gaming
Entertainment
Religion
Holiday
For Kids
Quiz Lab
Recent
Popular Today
Quiz Kudos Today
Editor Picks
Curator Picks
Quizzes by...
Day
Popularity
Type
Ratings
Length
Year
Community
Subscriptions
Recent Discussions
Orange Saloon
Badges
Playlists
Quests
Create
Leaderboards
Showdown
Live 5
Trivia Bingo
Activity
Puzzle Library
Sporcle Events
Private Events
Virtual Trivia
Globe League
Become a Host
Pub Owners
SporcleCon
Opinionation
Our Games
Videos
Blog
Mobile Apps
Partnerships
Remove Ads and Go Orange
Feedback
Just For Fun
Clickable
Get the Picture
Humor
Quick Pick
Word Ladder
Missing Word
Mixed Word
Blitz
Minefield
This or That
Alphabet
Color
Typing
Sporcle
Puzzle
Word Play
Follow That Line
Logic
Just For Fun
Clickable
Get the Picture
Humor
Quick Pick
Word Ladder
Missing Word
Mixed Word
Blitz
Minefield
This or That
Alphabet
Color
Typing
Sporcle
Puzzle
Word Play
Follow That Line
Logic
Random Quiz
Search Sporcle
×
Quiz Lab
Quiz Lab
Just For Fun
Friday
Click on answers out of a set of options
Click on answers out of a set of options
Multiple Choice
Best Score? Go Orange.
The Friday 10 Stats
Can you choose the The Friday 10?
By
markpch
10m
10 Questions
33 Plays
33 Plays
33 Plays
Comments
Comments
Give Quiz Kudos
Give Quiz Kudos
-
- Ratings
hide this ad
Random Order
Randomize order of answers
Randomize order of answers
Replay
Link that replays current quiz
Next Quiz
Link to next quiz in quiz playlist
You Got
0%
They Got
Avg Score
38%
Avg Friend Score
Upgrade to see
Score Distribution
Jump to the score distribution portion of the page
Score
0/10
Timer
10:00
0
Plays Today
Question
Answer
Wrong Answers
Where is the next Chat & Chips being held?
Shroffold Road
69.7%
Bellingham Green
12.1%
Ravensbourne Estate
18.2%
Beckenham Hill
0%
It's the Fellowship launch event tonight! Which of these will you NOT be able to enjoy?
Ice cream video games truck
63.6%
Embroidery workshop
18.2%
Heritage audio tour
9.1%
Music from our very own Vokal Velvet
9.1%
Guest speaker Barbara Smoker's autobiography is called what?
My Godforsaken Life
57.6%
Good God!
12.1%
Atheism on a Soap-Box
12.1%
Blackham's Best
12.1%
What is the average median pay gap for large housing associations?
8.1%
36.4%
6.3%
6.1%
6.6%
6.1%
17.9%
51.5%
The deadline for Phoenix in Bloom entries is tonight - which of these would bag the winning resident £75?
Balcony Display
36.4%
Communal Garden
12.1%
Young Gardener of the Year
24.2%
Best Fruit and/or Vegetable Plot or Allotment
24.2%
Aeneas, said to be an ancestor of the founders of Rome, hailed from which city?
Troy
36.4%
Atlantas
15.2%
Athens
39.4%
Corinth
6.1%
What impressive feat did Trump claim the revolutionary army achieved?
Took over the airports
33.3%
Annexed Canada
18.2%
Didn't fire a shot
27.3%
Launched three armadas(e?)
15.2%
What is Phoenix's mean gender pay gap?
6.6%
27.3%
0%
18.2%
1.7%
45.5%
8.9%
9.1%
How many times did cigarettes appear in Stranger Things 2?
262
18.2%
39
12.1%
173
48.5%
89
15.2%
Approximately how many people participated in last year's London Pride?
30,000
6.1%
1 million
42.4%
17,000
9.1%
58,000
36.4%
Quiz Playlist
Details
Report
Send in Message
Add To Playlist
Multiple Choice:
Click on answers out of a set of options
Random Order:
Randomize order of answers
Last Updated: Jul 5, 2019
Quiz Scoreboard
CHALLENGE
Sign Up to Join the Scoreboard
Show All
Scores
Hide
Comments
May contain spoilers
Recently Published
Street Fighter Characters
by Artimus82
Gaming
60s
9x9 Crossword: Cartoon Network
by jackfrog10
Miscellaneous
3m
College Basketball Coaching Resumes
by pancakes188
Sports
9m
More to Explore
Quiz From the Vault
Featured Blog Post
Where Did the Easter Bunny Come From?
hide this ad
You Might Also Like...
Tags
Friday
Today's Top Quizzes in Just For Fun
Browse Just For Fun
hide this ad
Today's Top Quizzes in Friday
Browse Friday
Top Contributed Quizzes in Just For Fun
1
Name Just One - 10 to 1: Just For Fun
2
Killer Double Trees 224 - Colour Match-Up
3
Spring Typing Challenge
4
Crossword Whiteout! 49
5
Zeroing In: Just For Fun
6
Survivor Winners Logic Puzzle
7
Word Ladder: Ahoy Matey
8
Word Ladder: Wilderness Weapon
9
Kyle's 122nd Triple Trees
10
Harry Potter Logic - 'In Chains' II
Explore More
Trending Topics
Disney
Crossword
Anime
Kpop
Harry Potter
Marvel
NBA
WWE
Song
Country
Pokémon
Soccer
NFL
The Office
Puzzle
hide this ad
More By:
markpch
Quiz
Plays
Rating
Category
Featured
Created
Spring Quiz!
198
1.80
Just For Fun
Mar 3, 2021
The Friday 10
91
4.00
Just For Fun
Jun 7, 2019
The Christmas 10 - 22/12/2017
70
3.67
Just For Fun
Dec 21, 2017
It's the Friday 10!
61
Just For Fun
Aug 23, 2018
It's the Friday 10!
61
Just For Fun
Aug 9, 2018
Go to Creator's Profile
Score Distribution
Quiz Creator Spotlight
markpch
Follow
Send a Message
Quizzes Created
-
Created Quiz Play Count
-
More By This Creator
Popular Quizzes Today
1
Find the US States - No Outlines Minefield
2
Find the Countries of Europe - No Outlines Minefield
3
The Countries of the World
4
Find the US States
5
Risky Map Clicking: Biggest States A-Z
6
US States
7
Popular People in 1961
8
Movies - When Are They Set?
More Just For Fun Quizzes
Common Bond Tangram Puzzle #3
Quiz Lab
Trending Quizzes
Risky Map Clicking: Least Populous States A-Z
Countries of the World: 200 Million BC
1-10 Letter G Words
Risky Map Clicking: Next State Alphabetically
Adjectives in 80s TV Shows
Recently Updated
Leaping Animals
pecheneg
Reality TV Shows (A-Z)
bhenderson79
Rickey Henderson's Hall of Fame Teammates
pecheneg
Champions League XIs: Arsenal
pecheneg
Quick Pick: Celebrities in WWE's Hall of Fame
aduchscher
A-Z Keypad Blitz II
pecheneg
Multiple Oscar Actors
pecheneg
Mystery Phrase Blitz: Oscar 'Best Actors'
pecheneg
F. Scott Fitzgerald Novels
LTH
Pick 3 Villains
ddd62291
Trending Topics
NBA
Crossword
Anime
Harry Potter
Marvel
Disney
Kpop
Country
Song
Pokémon
WWE
NFL
Soccer
Puzzle
The Office
Your Account Isn't Verified!
In order to create a playlist on Sporcle, you need to verify the email address you used during registration. Go to your
Sporcle Settings
to finish the process.
Report this User
Report this user for behavior that violates our
Community Guidelines
.
Details:
Send Report
Go to the Sporcle.com Mobile Site →
Comments